| 000 | 00993nam a2200241Ia 4500 | ||
|---|---|---|---|
| 003 | OSt | ||
| 005 | 20220923220916.0 | ||
| 006 | a|||||r|||| 00| 0 | ||
| 007 | ta | ||
| 008 | 220922b |||||||| |||| 00| 0 hin d | ||
| 024 | _a192,075 | ||
| 037 | _cTextual | ||
| 040 |
_aARTS _cARTS _bhin |
||
| 041 |
_2hin _ahin |
||
| 082 | _aS8:f, 152M3 | ||
| 100 | _aसिन्हा, सच्चिदानन्द, संपा. | ||
| 245 | 0 | _aभारत में समाज मनोविज्ञान के क्षेत्र में शोध कार्य की स्थ्तिि | |
| 246 | _aBhārat mean samāj hinovijnyān ke kṣhetra mean shodh kārya kī sthtii | ||
| 260 |
_aजयपुर _b राजस्थान हिन्दी ग्रंथ अकादमी _c1983 |
||
| 300 |
_a111पृ. _ccm. |
||
| 942 |
_hS8:f, 152M3 _cTEXL _2CC |
||
| 999 |
_c344719 _d344719 |
||